Automatizované technologické pracoviská. 2. diel

Uložené v:
Podrobná bibliografia
Médium: Kniha
Jazyk:Slovak
Vydané: Košice : Dom techniky Československej vedeckotechnickej spoločnosti, 1984.
Vydanie:2. vyd.
ISBN: (brož.)
Fyzický popis: 155 s.
Tagy: Pridať tag
Žiadne tagy, Buďte prvý kto otaguje tento záznam!

MARC

LEADER 00000nam a2200000 a 4500
001 000098513
005 20100523184046.0
008 040101s1984 xo e slo d
020 |a (brož.) 
040 |a SVKKK  |b slo  |c SVKKK  |e AACR2 
041 0 |a slo 
044 |a xo  |c SK 
245 0 0 |a Automatizované technologické pracoviská.  |n 2. diel 
250 |a 2. vyd. 
260 |a Košice :  |b Dom techniky Československej vedeckotechnickej spoločnosti,  |c 1984. 
300 |a 155 s. 
910 |a svkkk 
998 |a BK 
090 |g SCKHL  |k Sklad Pribinova 2. posch.  |a II.311124  |j 751265  |i 98513-10  |s Absenčne